Word Ladder: Spider-Man Quiz Stats

 Plays Quiz Updated Aug 3, 2014

Support Sporcle.
Go Orange.
Score 0/44 Timer 07:00
0 Plays Today
Hint 4-Letter Word % Correct
Not fastSLOW
93.2%
Part of machine into which coins are insertedSLOT
89.5%
Travelled through the airFLEW
88.6%
* Original Spidey writer ____ Lee *STAN
88.5%
Spidey's giant green Avengers comradeHULK
87.4%
Fluid motionFLOW
87.3%
Sixth month of the yearJUNE
87.2%
To run away, as a burglar might do after shooting Uncle Ben, for exampleFLEE
87.1%
Small, pointed object thrown at a bullseyeDART
86.8%
FinishedDONE
86.4%
Usually two-wheeled vehicle, often drawn by horsesCART
86.1%
Sand hillDUNE
85.7%
Joyous delight or singing teensGLEE
85.4%
Haves and Have-____NOTS
84.3%
Buy's antonymSELL
83.9%
Fishing meshesNETS
83.8%
MoistensWETS
83.8%
Big old ball of flaming gas in spaceSTAR
83.4%
* Spidey's preferred mode of transport, fired from “shooters” on his wrists *WEBS
83.3%
Yorkshire town or outer body of a shipHULL
83.1%
Handsome, usually muscly, manHUNK
83%
* Spidey's erstwhile spouse [second half] *JANE
82.9%
Hint 4-Letter Word % Correct
Cause pain (or a Nine Inch Nails song)HURT
82.3%
The length of the Vulture's wings from tip-to-tipSPAN
81.9%
* Dr. Connors' first name *CURT
81.5%
Musical sound or memorandumNOTE
81.4%
A deep highland valleyGLEN
80.9%
* Spidey's one-time wife [first half] *MARY
80.7%
Kiss From A Rose singerSEAL
80.5%
* Kraven's Last ____ *HUNT
80%
* Spidey's first love, ____ Stacey *GWEN
79.9%
Burn the surface of somethingSEAR
79.3%
Strange and Doom's destination in Triumph & TormentHELL
79.2%
* Lesser-known portal-hopping Spider-foe and dalmatian lookalike *SPOT
78.3%
Shrink or decrease, as with moon sizeWANE
78%
ExpectoratedSPAT
76.2%
CautiousWARY
76%
Item for saleWARE
75.5%
* Broadway musical Spider-Man: Turn Off the ____ *DARK
74.7%
* Marvel Knights Spider-Man writer ____ Millar *MARK
72.4%
* Randy Savage's character in 2002's film adaptation, ____ Saw McGraw *BONE
69.5%
* Oft-derided Spider-Man storyline One ____ Day *MORE
69.5%
To make a hole through something uninterestingBORE
68.7%
A small speck, particularly of dust in the airMOTE
68.3%

Today's Daily Dose

Missing Word
Food in Lyrics

Word Ladder
Bouquet

You're not logged in!

Compare scores with friends on all Sporcle quizzes.
OR
Log In

From the Vault

Eponymous Adjectives by Definition

by guide

The only thing we'd rather we'd be named after is a Ben & Jerry's flavor.
Remove Ads.
Support Sporcle.
Get the best of Sporcle when you Go Orange. This ad-free experience offers more features, more stats, and more fun while also helping to support Sporcle. Thank you for becoming a member.

Show Comments

Extras

Top Quizzes Today


Score Distribution

Your Account Isn't Verified!

In order to create a playlist on Sporcle, you need to verify the email address you used during registration. Go to your Sporcle Settings to finish the process.

Report this User

Report this user for behavior that violates our Community Guidelines.

Details: